LEADER 01145nas 2200409 c 450 001 9910894568203321 005 20260218112024.0 035 $a(CKB)3780000000200309 035 $a(OCoLC)263599275 035 $a(DE-101)991698029 035 $a(DE-599)ZDB2469848-9 035 $a(DE-599)2469848-9 035 $a(EXLCZ)993780000000200309 100 $a20081209b18381840 |y | 101 0 $aeng 135 $aur||||||||||| 181 $ctxt$2rdacontent 182 $cc$2rdamedia 183 $acr$2rdacarrier 200 00$aAnnals of natural history, or Magazine of zoology, botany, and geology 210 31$aLondon$d1838-1840 215 $aOnline-Ressource 517 3 $aMagazine of zoology, botany, and geology 517 1 $aAnnals of natural history 608 $aZeitschrift$2gnd-content 676 $a500 676 $a580 676 $a590 686 $a11$2ssgn 686 $aBIODIV$qDE-30$2fid 801 0$b8999 801 1$bDE-101 801 2$b0030 906 $aJOURNAL 912 $a9910894568203321 996 $aAnnals of natural history, or Magazine of zoology, botany, and geology$94258051 997 $aUNINA